00809nam a22002177a 4500003000900000005001700009008003700026020001500063040002200078082001600100100001800116245016900134260006800303300003000371490003200401700001900433700003900452700002800491700004100519830003100560DO-SdBNP20171206093921.0161031b 1996 xxu a 00| 0 spa d a0673758818 aBPMSUbspacBPMSU axxxxbT219p1 aTatler, Sarah13aLa podemos compartir /cSarah Tatler ; ilustraciones Bo Sterk ; adaptación Natalía Ruano Martínez ; traducción Patricia Almada, Mercedes Quintana Barragán aEstados Unidos : bCelebration Press, bScott Foresman, c1996. a16 p. : bil. ; c18 cm. 1 aPequeñitas celebraciones 12aSterk, Boeil.12aRuano Martínez, Natalíaeadap.12aAlmada, Patriciaetrad.12aQuintana Barragán, Mercedesetrad. 0aPequeñitas celebraciones